<?xml version="1.0" encoding="UTF-8"?>
<record
    xmlns:xsi="http://www.w3.org/2001/XMLSchema-instance"
    xsi:schemaLocation="http://www.loc.gov/MARC21/slim http://www.loc.gov/standards/marcxml/schema/MARC21slim.xsd"
    xmlns="http://www.loc.gov/MARC21/slim">

  <leader>00613nam a22001577a 4500</leader>
  <controlfield tag="003">OSt</controlfield>
  <controlfield tag="005">20150912143725.0</controlfield>
  <controlfield tag="008">150912b        xxu||||| |||| 00| 0 eng d</controlfield>
  <datafield tag="040" ind1=" " ind2=" ">
    <subfield code="c">RUA</subfield>
  </datafield>
  <datafield tag="082" ind1=" " ind2=" ">
    <subfield code="a">AGR SEN 1 BOO17 1996 Or.1</subfield>
  </datafield>
  <datafield tag="100" ind1=" " ind2=" ">
    <subfield code="9">332</subfield>
    <subfield code="a">SOKSANSENG, </subfield>
  </datafield>
  <datafield tag="245" ind1=" " ind2=" ">
    <subfield code="a">Agro-forestry potential in monkolborei district banteaymeanchey province,( &#x179F;&#x1780;&#x17D2;&#x178F;&#x17B6;&#x1793;&#x17BB;&#x1796;&#x179B;&#x1797;&#x17B6;&#x1796;&#x1780;&#x179F;&#x17B7;&#x179A;&#x17BB;&#x1780;&#x17D2;&#x1781;&#x17B6;&#x1780;&#x1798;&#x17D2;&#x1798;&#x1793;&#x17C5;&#x179F;&#x17D2;&#x179A;&#x17BB;&#x1780;&#x1798;&#x1784;&#x17D2;&#x1782;&#x17BB;&#x179B;&#x1794;&#x17BC;&#x179A;&#x17B8; &#x1781;&#x17C1;&#x178F;&#x17D2;&#x178F;&#x1794;&#x1793;&#x17D2;&#x1791;&#x17B6;&#x17BD;&#x1798;&#x17B6;&#x1793;&#x1787;&#x17D0;&#x1799;)</subfield>
  </datafield>
  <datafield tag="260" ind1=" " ind2=" ">
    <subfield code="a">phnom phen</subfield>
    <subfield code="b">RUA</subfield>
    <subfield code="c">1996</subfield>
  </datafield>
  <datafield tag="300" ind1=" " ind2=" ">
    <subfield code="a">79p.</subfield>
    <subfield code="b">ill.</subfield>
    <subfield code="c">29cm.</subfield>
  </datafield>
  <datafield tag="942" ind1=" " ind2=" ">
    <subfield code="2">ddc</subfield>
    <subfield code="c">AGR</subfield>
  </datafield>
  <datafield tag="999" ind1=" " ind2=" ">
    <subfield code="c">311</subfield>
    <subfield code="d">311</subfield>
  </datafield>
  <datafield tag="952" ind1=" " ind2=" ">
    <subfield code="0">0</subfield>
    <subfield code="1">0</subfield>
    <subfield code="2">ddc</subfield>
    <subfield code="4">0</subfield>
    <subfield code="6">AGR_SEN_1_000000000000000_BOO17_1996_OR_1</subfield>
    <subfield code="7">0</subfield>
    <subfield code="9">1411</subfield>
    <subfield code="a">LBB</subfield>
    <subfield code="b">LBB</subfield>
    <subfield code="c">B017</subfield>
    <subfield code="d">2015-09-12</subfield>
    <subfield code="o">AGR SEN 1 BOO17 1996 Or.1</subfield>
    <subfield code="p">RUA003452</subfield>
    <subfield code="r">2015-09-12</subfield>
    <subfield code="w">2015-09-12</subfield>
    <subfield code="y">AGR</subfield>
  </datafield>
  <datafield tag="952" ind1=" " ind2=" ">
    <subfield code="0">0</subfield>
    <subfield code="1">0</subfield>
    <subfield code="2">ddc</subfield>
    <subfield code="4">0</subfield>
    <subfield code="6">AGR_SEN_1_000000000000000_BOO17_1996_OR_2</subfield>
    <subfield code="7">0</subfield>
    <subfield code="9">1412</subfield>
    <subfield code="a">LBB</subfield>
    <subfield code="b">LBB</subfield>
    <subfield code="c">B017</subfield>
    <subfield code="d">2015-09-12</subfield>
    <subfield code="o">AGR SEN 1 BOO17 1996 Or.2</subfield>
    <subfield code="p">RUA003524</subfield>
    <subfield code="r">2015-09-12</subfield>
    <subfield code="w">2015-09-12</subfield>
    <subfield code="y">AGR</subfield>
  </datafield>
  <datafield tag="952" ind1=" " ind2=" ">
    <subfield code="0">0</subfield>
    <subfield code="1">0</subfield>
    <subfield code="2">ddc</subfield>
    <subfield code="4">0</subfield>
    <subfield code="6">AGR_SEN_1_000000000000000_BOO17_1996_OR_3</subfield>
    <subfield code="7">0</subfield>
    <subfield code="9">1413</subfield>
    <subfield code="a">LBB</subfield>
    <subfield code="b">LBB</subfield>
    <subfield code="c">B017</subfield>
    <subfield code="d">2015-09-12</subfield>
    <subfield code="o">AGR SEN 1 BOO17 1996 Or.3</subfield>
    <subfield code="p">RUA004417</subfield>
    <subfield code="r">2015-09-12</subfield>
    <subfield code="w">2015-09-12</subfield>
    <subfield code="y">AGR</subfield>
  </datafield>
  <datafield tag="952" ind1=" " ind2=" ">
    <subfield code="0">0</subfield>
    <subfield code="1">0</subfield>
    <subfield code="2">ddc</subfield>
    <subfield code="4">0</subfield>
    <subfield code="6">AGR_SEN_1_000000000000000_BOO17_1996_OR_4</subfield>
    <subfield code="7">0</subfield>
    <subfield code="9">1414</subfield>
    <subfield code="a">LBB</subfield>
    <subfield code="b">LBB</subfield>
    <subfield code="c">B017</subfield>
    <subfield code="d">2015-09-12</subfield>
    <subfield code="o">AGR SEN 1 BOO17 1996 Or.4</subfield>
    <subfield code="p">RUA004489</subfield>
    <subfield code="r">2015-09-12</subfield>
    <subfield code="w">2015-09-12</subfield>
    <subfield code="y">AGR</subfield>
  </datafield>
  <datafield tag="952" ind1=" " ind2=" ">
    <subfield code="0">0</subfield>
    <subfield code="1">0</subfield>
    <subfield code="2">ddc</subfield>
    <subfield code="4">0</subfield>
    <subfield code="6">AGR_SEN_1_000000000000000_BOO17_1996_OR_5</subfield>
    <subfield code="7">0</subfield>
    <subfield code="9">1415</subfield>
    <subfield code="a">LBB</subfield>
    <subfield code="b">LBB</subfield>
    <subfield code="c">B017</subfield>
    <subfield code="d">2015-09-12</subfield>
    <subfield code="o">AGR SEN 1 BOO17 1996 Or.5</subfield>
    <subfield code="p">RUA004494</subfield>
    <subfield code="r">2015-09-12</subfield>
    <subfield code="w">2015-09-12</subfield>
    <subfield code="y">AGR</subfield>
  </datafield>
  <datafield tag="952" ind1=" " ind2=" ">
    <subfield code="0">0</subfield>
    <subfield code="1">0</subfield>
    <subfield code="2">ddc</subfield>
    <subfield code="4">0</subfield>
    <subfield code="6">AGR_SEN_1_000000000000000_BOO17_1996_OR_6</subfield>
    <subfield code="7">0</subfield>
    <subfield code="9">1416</subfield>
    <subfield code="a">LBB</subfield>
    <subfield code="b">LBB</subfield>
    <subfield code="c">B017</subfield>
    <subfield code="d">2015-09-12</subfield>
    <subfield code="o">AGR SEN 1 BOO17 1996 Or.6</subfield>
    <subfield code="p">RUA004422</subfield>
    <subfield code="r">2015-09-12</subfield>
    <subfield code="w">2015-09-12</subfield>
    <subfield code="y">AGR</subfield>
  </datafield>
  <datafield tag="952" ind1=" " ind2=" ">
    <subfield code="0">0</subfield>
    <subfield code="1">0</subfield>
    <subfield code="2">ddc</subfield>
    <subfield code="4">0</subfield>
    <subfield code="6">AGR_SEN_1_000000000000000_BOO17_1996_OR_7</subfield>
    <subfield code="7">0</subfield>
    <subfield code="9">1417</subfield>
    <subfield code="a">LBB</subfield>
    <subfield code="b">LBB</subfield>
    <subfield code="c">B017</subfield>
    <subfield code="d">2015-09-12</subfield>
    <subfield code="o">AGR SEN 1 BOO17 1996 Or.7</subfield>
    <subfield code="p">RUA003677</subfield>
    <subfield code="r">2015-09-12</subfield>
    <subfield code="w">2015-09-12</subfield>
    <subfield code="y">AGR</subfield>
  </datafield>
  <datafield tag="952" ind1=" " ind2=" ">
    <subfield code="0">0</subfield>
    <subfield code="1">0</subfield>
    <subfield code="2">ddc</subfield>
    <subfield code="4">0</subfield>
    <subfield code="6">AGR_SEN_1_000000000000000_BOO17_1996_OR_8</subfield>
    <subfield code="7">0</subfield>
    <subfield code="9">1418</subfield>
    <subfield code="a">LBB</subfield>
    <subfield code="b">LBB</subfield>
    <subfield code="c">B017</subfield>
    <subfield code="d">2015-09-12</subfield>
    <subfield code="o">AGR SEN 1 BOO17 1996 Or.8</subfield>
    <subfield code="p">RUA007590</subfield>
    <subfield code="r">2015-09-12</subfield>
    <subfield code="w">2015-09-12</subfield>
    <subfield code="y">AGR</subfield>
  </datafield>
</record>
